Sołectwa gminy Masłów w powiecie kieleckim - Statystyki

Ogólne statystyki
  • Ten quiz został rozwiązany 16 razy
  • Średni wynik to 8 z 12
Statystyki odpowiedzi
Sołectwo % Poprawnych
Barcza
82%
Brzezinki
82%
Ciekoty
82%
Dąbrowa
73%
Mąchocice Kapitulne
73%
Mąchocice-Scholasteria
73%
Masłów Drugi
73%
Wiśniówka
73%
Domaszowice
64%
Masłów Pierwszy
64%
Wola Kopcowa
64%
Dolina Marczakowa
45%
Nie znaleziono quizów pasujących do podanych kryteriów
Rozkład punktacji
Procent ludzi z każdym wynikiem
Percentyl według liczby udzielonych odpowiedzi
Twoja historia wyników
Nie rozwiązałeś tego quizu